Islam : an illustrated history /

محفوظ في:

المؤلف الرئيسي: Jordan, Michael, 1941-. (مؤلف)

التنسيق: كتاب

اللغة: English

منشور في: London : Carlton, 2002.

الموضوعات:

الوسوم: إضافة وسم

لا توجد وسوم, كن أول من يضع وسما على هذه التسجيلة!

رقم الطلب: BP50 .J67 2002

LEADER 00570nam a2200205Ia 4500
003 OSt
005 20250921114552.0
008 211223s2002 enkac 001 0 eng
020 |a 1842226096 
040 |c ARCE Library 
050 4 |a BP50 .J67 2002 
100 1 |a Jordan, Michael,   |d 1941-.  |e author 
245 1 0 |a Islam :   |b an illustrated history /   |c Michael Jordan. 
264 1 |a London :   |b Carlton,   |c 2002. 
300 |a 188 p. :   |b col. ill, ports. ;   |c 29 cm. 
500 |a Includes index. 
650 0 |a Islam   |x History. 
901 |a reviewed 
942 |2 lcc  |c BK 
999 |c 41290  |d 41290